000 00266nam a22001217a 4500
008 170627b xxu||||| |||| 00| 0 eng d
041 _aeng
080 _a32
100 _a21
101 _aSHP
245 _aBLACK CHILD, WHITE CHILD
_cPORTER, J.D.R
942 _2udc
_cBK
999 _c19152
_d19152